[Event "NSU Open Mesterklasen 2007"]
[Site "Hillerod"]
[Date "2007.01.07"]
[Round "5"]
[White "Paulsen, Henrik"]
[Black "Jacobsen, Hans Endrup"]
[Result "1/2-1/2"]
[WhiteElo "1886"]
[BlackElo "1872"]
[PlyCount "69"]
[EventDate "2007.??.??"]

1. e4 c5 2. Nf3 d6 3. d4 cxd4 4. Nxd4 Nf6 5. Nc3 a6 6. Bg5 e6 7. Qd2 Be7 8. f4
Qc7 9. O-O-O Nc6 10. Be2 Bd7 11. Bf3 O-O 12. h4 h6 13. Nxc6 Bxc6 14. Bxf6 Bxf6
15. Qxd6 Qxd6 16. Rxd6 Bxc3 17. bxc3 Rfd8 18. Rhd1 Rxd6 19. Rxd6 Kf8 20. Kd2
Ke7 21. e5 Bxf3 22. gxf3 Rd8 23. Rxd8 Kxd8 24. c4 Kc7 25. Kc3 Kc6 26. a3 Kc5
27. Kd3 Kc6 28. Kd4 b6 29. Kd3 Kd7 30. Ke4 g6 31. Kd4 Kc6 32. Kd3 Kd7 33. Kc3
Kc7 34. Kb4 Kc6 35. Kc3 1/2-1/2

[Event "NSU Open Mesterklasen 2007"]
[Site "Hillerod"]
[Date "2007.01.07"]
[Round "5"]
[White "Ottosen, Peder"]
[Black "Ostergaard, Jens"]
[Result "0-1"]
[WhiteElo "1983"]
[BlackElo "2257"]
[PlyCount "54"]
[EventDate "2007.??.??"]

1. d4 Nf6 2. c4 e6 3. Nc3 c5 4. e3 d5 5. Nf3 Nc6 6. cxd5 exd5 7. Be2 Be7 8.
dxc5 Bxc5 9. O-O O-O 10. b3 a6 11. Bb2 Ba7 12. Qc2 Qe7 13. Rad1 Rd8 14. Rd2 Bg4
15. Rfd1 Bxf3 16. Bxf3 d4 17. Bxc6 dxc3 18. Rxd8+ Rxd8 19. Rxd8+ Qxd8 20. Bxb7
cxb2 21. Bxa6 Nd5 22. Qxb2 Nxe3 23. Qe2 Nd1 24. Kf1 Nxf2 25. Bc4 Nd1 26. Qf3
Ne3+ 27. Ke1 Nxc4 0-1

[Event "NSU Open Mesterklasen 2007"]
[Site "Hillerod"]
[Date "2007.01.07"]
[Round "5"]
[White "Olsen, Peter Erik"]
[Black "Strange, Mikkel"]
[Result "1-0"]
[WhiteElo "2173"]
[BlackElo "2238"]
[PlyCount "71"]
[EventDate "2007.??.??"]

1. d4 f5 2. Nf3 Nf6 3. g3 e6 4. Bg2 Be7 5. O-O O-O 6. c4 d6 7. Nc3 Qe8 8. Qc2
Qg6 9. Re1 Ne4 10. e3 Nxc3 11. Qxc3 Bf6 12. b4 Nd7 13. Bb2 e5 14. Qb3 e4 15.
Nd2 c5 16. f3 cxd4 17. exd4 exf3 18. Nxf3 Kh8 19. Bc1 h6 20. Bf4 Bg5 21. Qe3
Bxf4 22. Qxf4 Nb6 23. d5 Bd7 24. Rac1 Rac8 25. Qd4 Qf6 26. c5 dxc5 27. bxc5 Na4
28. c6 Qxd4+ 29. Nxd4 bxc6 30. dxc6 Be8 31. c7 Rf7 32. Rxe8+ Rxe8 33. c8=Q Rxc8
34. Rxc8+ Kh7 35. Nxf5 Rd7 36. Rc2 1-0

[Event "NSU Open Mesterklasen 2007"]
[Site "Hillerod"]
[Date "2007.01.07"]
[Round "5"]
[White "Jakobsen, Peter"]
[Black "Andersen, Rune"]
[Result "1-0"]
[WhiteElo "2191"]
[BlackElo "2082"]
[PlyCount "120"]
[EventDate "2007.??.??"]

1. e4 c5 2. Nf3 Nc6 3. d4 cxd4 4. Nxd4 g6 5. c4 Bg7 6. Be3 Nf6 7. Nc3 O-O 8.
Be2 d6 9. O-O Bd7 10. Qd2 Nxd4 11. Bxd4 Bc6 12. f3 a5 13. b3 Nd7 14. Bf2 Nc5
15. Rab1 Qc7 16. Rfc1 Rfc8 17. Bd1 e5 18. Be2 Ne6 19. Bf1 Qe7 20. Rd1 Bf8 21.
Rbc1 h5 22. Be3 Kh7 23. g3 Rd8 24. Bh3 Nc5 25. Bg5 f6 26. Be3 Bg7 27. Rf1 Qf8
28. Rcd1 Qe7 29. Rf2 Qc7 30. Rb1 Bf8 31. Bf1 Bg7 32. Bd3 Qd7 33. Bc2 Qc7 34. a3
Ne6 35. b4 axb4 36. axb4 Ra3 37. Bb3 b6 38. Rff1 Qa7 39. Kh1 f5 40. exf5 gxf5
41. Nd5 Nd4 42. Bxd4 exd4 43. Qg5 Bxd5 44. Qxf5+ Kg8 45. Qxd5+ Qf7 46. c5 Rxb3
47. Qxb3 Qxb3 48. Rxb3 dxc5 49. bxc5 bxc5 50. Rc1 Rc8 51. Rc4 Kf7 52. Rb7+ Kg6
53. Rd7 h4 54. Kg2 h3+ 55. Kxh3 Rh8+ 56. Kg4 Bf8 57. h4 Kf6 58. Rd8 Rg8+ 59.
Kh3 Ke7 60. Rc8 Kd7 1-0

[Event "NSU Open Mesterklasen 2007"]
[Site "Hillerod"]
[Date "2007.01.07"]
[Round "5"]
[White "Lilja, Richard"]
[Black "Kristensen, Kaare Hove"]
[Result "0-1"]
[WhiteElo "2069"]
[BlackElo "2313"]
[PlyCount "108"]
[EventDate "2007.??.??"]

1. e4 c5 2. Nc3 d6 3. f4 Nc6 4. Nf3 g6 5. Bc4 Bg7 6. O-O e6 7. d3 Nge7 8. Qe1
O-O 9. f5 d5 10. Qh4 Nxf5 11. exf5 Qxh4 12. Nxh4 Bd4+ 13. Kh1 dxc4 14. fxg6
hxg6 15. Ne4 cxd3 16. c3 Bg7 17. Nxc5 b6 18. Nxd3 Ba6 19. Rd1 Rad8 20. Nf2
Rxd1+ 21. Nxd1 Ne5 22. Nf3 Nxf3 23. gxf3 Be2 24. Be3 Bxf3+ 25. Kg1 f5 26. Bg5
Bf6 27. Bxf6 Rxf6 28. a4 e5 29. Kf2 Bc6 30. b4 f4 31. c4 e4 32. a5 b5 33. Nc3
bxc4 34. b5 e3+ 35. Kf1 Ba8 36. Ra4 f3 37. Rxc4 f2 38. Rc8+ Rf8 39. Rxf8+ Kxf8
40. b6 axb6 41. axb6 Ke7 42. Ne2 Kd7 43. h4 Bb7 44. Ng3 Bf3 45. h5 Bxh5 46. Kg2
Bg4 47. Kf1 Kc8 48. Kg2 Bh3+ 49. Kf3 f1=Q+ 50. Nxf1 Bxf1 51. Kxe3 Kb7 52. Kd4
Kxb6 53. Ke4 Bh3 54. Kf4 Bf5 0-1

[Event "NSU Open Mesterklasen 2007"]
[Site "Hillerod"]
[Date "2007.01.07"]
[Round "5"]
[White "Stockflet, Henrik"]
[Black "Tandrup, Michael"]
[Result "1-0"]
[WhiteElo "1914"]
[BlackElo "1896"]
[PlyCount "79"]
[EventDate "2007.??.??"]

1. e4 c5 2. Nf3 Nc6 3. d4 cxd4 4. Nxd4 e5 5. Nb5 d6 6. a4 Nf6 7. N1c3 Be7 8.
Bg5 a6 9. Bxf6 gxf6 10. Na3 f5 11. Bd3 f4 12. Qh5 Be6 13. Bc4 Nd4 14. Bxe6 Nxe6
15. O-O Rc8 16. Rfd1 O-O 17. Rd3 Bg5 18. Rad1 Ng7 19. Qg4 h5 20. Qe2 Be7 21. b3
Rc6 22. Nc4 Qc8 23. a5 Qe6 24. Nd5 Rd8 25. Nxe7+ Qxe7 26. Rd5 f6 27. R1d3 Ne6
28. Qxh5 Nc7 29. Rh3 Nxd5 30. exd5 Rcc8 31. Qh8+ Kf7 32. Rh7+ Kg6 33. Rh6+ Kf7
34. Qh7+ Ke8 35. Qg6+ Qf7 36. Rh8+ Ke7 37. Rh7 Rf8 38. Rxf7+ Rxf7 39. Qf5 Rd8
40. Qe6+ 1-0

[Event "NSU Open Mesterklasen 2007"]
[Site "Hillerod"]
[Date "2007.01.07"]
[Round "5"]
[White "Andersen, Lars Ren"]
[Black "Andersen, Ib Hother"]
[Result "0-1"]
[WhiteElo "2018"]
[BlackElo "2091"]
[PlyCount "78"]
[EventDate "2007.??.??"]

1. e4 e5 2. Nf3 Nc6 3. Bb5 Bc5 4. c3 Nf6 5. O-O O-O 6. d4 Bb6 7. dxe5 Nxe4 8.
Qd5 Nc5 9. Bg5 Ne7 10. Qd1 c6 11. Bc4 Ne4 12. Bh4 d5 13. exd6 Nxd6 14. Bb3 Ndf5
15. Bg5 h6 16. Bc1 Ng6 17. Nbd2 Nfh4 18. Qc2 Bf5 19. Qd1 Re8 20. Nxh4 Qxh4 21.
Qf3 Be6 22. g3 Qh3 23. Bxe6 Qxe6 24. Nb3 Rad8 25. Bf4 Qe2 26. Qxe2 Rxe2 27.
Rab1 Nxf4 28. gxf4 Rde8 29. Kg2 Rc2 30. Nc1 Rd8 31. Nb3 c5 32. Rfc1 Rxc1 33.
Nxc1 Rd2 34. Kf3 Rd1 35. Ra1 c4 36. Nb3 Rd8 37. Nc1 Rd2 38. Ne2 Rxb2 39. a4 Rd2
0-1